Commuting nonselfadjoint operators in Hilbert space : two independent studies
Αποθηκεύτηκε σε:
| Κύριος συγγραφέας: | |
|---|---|
| Άλλοι συγγραφείς: | |
| Μορφή: | Βιβλίο |
| Γλώσσα: | English |
| Δημοσίευση: |
Berlin :
Springer-Verlag,
c1987
|
| Σειρά: | Lecture notes in mathematics (Springer-Verlag)
; 1272 |
| Θέματα: | |
| Ετικέτες: |
Προσθήκη ετικέτας
Δεν υπάρχουν, Καταχωρήστε ετικέτα πρώτοι!
|
MARC
| LEADER | 00000nam a2200000 i 4500 | ||
|---|---|---|---|
| 001 | 1/27347 | ||
| 008 | 941103s1987 eng d | ||
| 020 | |a 3-540-18316-7 | ||
| 035 | |a 1993 |l 10037803 | ||
| 040 | |a GR-MY-UA |b gre |e aacr | ||
| 041 | 0 | |a eng | |
| 082 | 0 | |a 515.733 | |
| 100 | 1 | |a Livsic, Moshe S. | |
| 245 | 1 | 0 | |a Commuting nonselfadjoint operators in Hilbert space : |b two independent studies / |c Moshe S. Livsic, Leonid L. Waksman |
| 260 | |a Berlin : |b Springer-Verlag, |c c1987 | ||
| 300 | |a 114 p.; |c 25 cm. | ||
| 490 | 1 | |a Lecture notes in mathematics (Springer-Verlag) |v ; 1272 | |
| 500 | |a Includes bibliographical references and index | ||
| 650 | 0 | 0 | |a Nonselfadjoint operators. |
| 650 | 0 | 0 | |a Hilbert space. |
| 650 | 0 | 0 | |a Harmonic analysis. |
| 700 | 1 | |a Waksman, Leonid L. | |
| 830 | 0 | |a Lecture notes in mathematics (Springer-Verlag) |v ; 1272 | |
| 852 | |a INST |b SAMOS |e 19941103 |h 515.733 LIV |p 005300007752 |q 005300007752 |t BK |y 0 | ||
| 909 | |a Σ |b 029115 | ||